Normal view
MARC view
- KNOERNSCHILD, KIRK
Entry Personal Name
001 - CONTROL NUMBER
- control field: 91371
003 - CONTROL NUMBER IDENTIFIER
- control field: NUST
005 - DATE AND TIME OF LATEST TRANSACTION
- control field: 20220509130216.0
008 - FIXED-LENGTH DATA ELEMENTS
- fixed length control field: 220509|| aca||aabn | a|a d
040 ## - CATALOGING SOURCE
- Original cataloging agency: NUST
- Transcribing agency: NUST
100 ## - HEADING--PERSONAL NAME
- Personal name: KNOERNSCHILD, KIRK
670 ## - SOURCE DATA FOUND
- Source citation: Work cat.: (NUST): KNOERNSCHILD, KIRK., JAVA APPLICATION ARCHITECTURE MODULARITY /, 2012
